000
00335nam a22001457a 4500
003
SGT
020
_a
9788131707180
082
_a
624.1762,KRA
100
_a
KRAMER,STEVEN L.
245
_a
GEOTECHNICAL EARTHQUAKE ENGINEERING
260
_a
CHENNAI
_b
PEARSON
_c
2019
300
_a
653
650
_a
CIVIL ENGINEERING
942
_2
ddc
_c
BK
999
_c
18382
_d
18382